| 000 | 00993pam a2200265 a 4500 | ||
|---|---|---|---|
| 999 |
_c332016 _d332016 |
||
| 001 | 2067911 | ||
| 003 | NUST | ||
| 005 | 20171107120518.0 | ||
| 008 | 940310s1994 flua b 001 0 eng | ||
| 010 | _a 94010699 | ||
| 020 | _a1566700310 | ||
| 040 |
_aDLC _cDLC _dDLC |
||
| 050 | 0 | 0 |
_aTD153 _b.B47 1994 |
| 082 | 0 | 0 |
_a628.072 BER _220 |
| 100 | 1 |
_aBerthouex, P. Mac _q(Paul Mac), _d1940- _96090 |
|
| 245 | 1 | 0 |
_aStatistics for environmental engineers / _cPaul Mac Berthouex, Linfield C. Brown. |
| 260 |
_aBoca Raton : _bLewis Publishers, _cc1994. |
||
| 300 |
_a335 p. : _bill. ; _c24 cm. |
||
| 500 | _aH.B | ||
| 504 | _aIncludes bibliographical references and index. | ||
| 650 | 0 |
_aEnvironmental engineering _xStatistical methods. _93506 |
|
| 700 | 1 |
_aBrown, Linfield C. _96091 |
|
| 906 |
_a7 _bcbu _corignew _d1 _eocip _f19 _gy-gencatlg |
||
| 942 |
_2ddc _cBK _kIESE |
||